Central Library OPAC University of Rajshahi

Chemistry of high polymer degradation processes / (Record no. 72323)

MARC details
000 -LEADER
fixed length control field 00684nam a2200229 a 4500
001 - CONTROL NUMBER
control field 72323
003 - CONTROL NUMBER IDENTIFIER
rucl marc code BD-RjUL
005 - DATE AND TIME OF LATEST TRANSACTION
control field 20211209082239.0
008 - FIXED-LENGTH DATA ELEMENTS--GENERAL INFORMATION
fixed length control field 170516s1956 enka b 001 0 eng
035 ## - SYSTEM CONTROL NUMBER
System control number (BD-RjUL)72540
040 ## - CATALOGING SOURCE
Original cataloging agency DLC
Transcribing agency GAT
Modifying agency BD-RjUL
Language of cataloging eng
041 ## - LANGUAGE CODE
Language code of text/sound track or separate title eng
082 ## - DEWEY DECIMAL CLASSIFICATION NUMBER
Classification number 547.84
Edition number 23
Author mark and year GRC 1956
100 1# - MAIN ENTRY--PERSONAL NAME
Personal name Grassie, Norman.
9 (RLIN) 213871
245 10 - TITLE STATEMENT
Title Chemistry of high polymer degradation processes /
Statement of responsibility, etc. Norman Grassie
260 ## - PUBLICATION, DISTRIBUTION, ETC. (IMPRINT)
Place of publication, distribution, etc. London :
Name of publisher, distributor, etc. Butterworths Scientific Publications,
Date of publication, distribution, etc. 1956.
300 ## - PHYSICAL DESCRIPTION
Pagination xv, 335 p. :
Illustrations ill. ;
Size 22 cm.
504 ## - BIBLIOGRAPHY, ETC. NOTE
Bibliography, etc Includes index and bibliography.
650 #0 - SUBJECT ADDED ENTRY--TOPICAL TERM
Topical term or geographic name as entry element Polymers.
9 (RLIN) 213872
942 ## - ADDED ENTRY ELEMENTS (KOHA)
Source of classification or shelving scheme Dewey Decimal Classification
Koha item type Books
Holdings
Lost status Source of classification or shelving scheme Damaged status Not for loan Collection code Permanent Location Current Location Shelving location Date acquired Source of acquisition Cost, normal purchase price Total Checkouts Full call number Date last seen Copy number Koha item type
  Dewey Decimal Classification   Not For Loan Non-fiction Central Library, University of Rajshahi Central Library, University of Rajshahi Reading Room 29/01/1958 B.H. Black well 22.00   547.84 GRC 1956 16/05/2017 C-1 Books